000 00731aam a2200229 4500
999 _c33308
_d33308
001 2457
003 CO-MdFUSB
005 20171011094245.0
008 170324t1912 xxu||||| |||| 00| 0 eng d
040 _aCO-MdFUSB
_bspa
_cCO-MdFUSB
_dCO-MdFUSBC
_erda
041 0 _aeng
082 0 4 _aG 225.02 M8471l
100 1 _aMorgan, G. Campbell (George) (1863-1945)
_eautor
245 1 0 _aLiving messages of the books of the Bible
_c/ G. Campbell Morgan
_b : Thessalonians to Revelation
264 4 _aNew York, USA:
_bFleming H. Revell,
_c©1912
300 _a226 Pag
336 _2rdacontent
_atexto
_btxt
337 _2rdamedia
_asin mediación
_bn
338 _2rdacarrier
_avolumen
_bnc
630 0 7 _aBiblia.
_pNuevo Testamento
942 _cBK